000 00421nam a22001337a 4500
003 SGT
020 _a978817458180
082 _a891.4309
_bM08J
100 _aजगमोहन, सरला
245 _a महादेवभाई की डायरी एवं अन्य लेख
260 _bराष्ट्रीय गाँधी संग्राहलय
_c2008
300 _a539
942 _2ddc
_cBK
999 _c31417
_d31417